书目信息 |
| 题名: |
文化何以重要
|
|
| 作者: | 韩庆祥 著 | |
| 分册: | ||
| 出版信息: | 北京 北京联合出版公司 2024.10 |
|
| 页数: | 273页 | |
| 开本: | 20cm | |
| 丛书名: | ||
| 单 册: | ||
| 中图分类: | G12 | |
| 科图分类: | ||
| 主题词: | 文化事业--中国 | |
| 电子资源: | ||
| ISBN: | 978-7-5596-7913-0 | |
| 000 | 01220nam0 2200217 450 | |
| 001 | 2431449813 | |
| 005 | 20241213085308.85 | |
| 010 | @a978-7-5596-7913-0@dCNY68.00 | |
| 100 | @a20241213d2024 km y0chiy0120 ea | |
| 101 | 0 | @achi |
| 102 | @aCN@b110000 | |
| 200 | 1 | @a文化何以重要@AWen Hua He Yi Zhong Yao@e与大众谈新的文化生命体与中华民族现代文明@f韩庆祥著@FHan Qing Xiang Zhu |
| 210 | @a北京@c北京联合出版公司@d2024.10 | |
| 215 | @a273页@d20cm | |
| 300 | @a本书聚焦中华优秀传统文化、中国式现代化的文化形态、中华民族现代文明和人类文明新形态等重大议题, 从“两个结合 ” 的基本问题与核心要义、“第二个结合 ” 是又一次思想解放、正确认识中华文明的突出特性、全面深入理解新的文化生命体及其重大意义、文化的力量等十个方面展开, 深入阐释了中华文化的深刻内涵, 剖析了文化与文明的内在联系, 并探讨了它们在不同历史时期和文化背景下的演变与影响。 书中特别强调在新时代背景下, 如何结合中国实际情况和中华优秀传统文化, 推动中华文化的发展与创新。 | |
| 517 | 1 | @a与大众谈新的文化生命体与中华民族现代文明@AYu Da Zhong Tan Xin De Wen Hua Sheng Ming Ti Yu Zhong Hua Min Zu Xian Dai Wen Ming |
| 606 | 0 | @a文化事业@x中国 |
| 690 | @aG12@v4 | |
| 701 | 0 | @a韩庆祥@AHan Qing Xiang@4著 |
| 801 | 0 | @aCN@b河南城建学院图书馆@c20241213 |
| 905 | @dG12@eH097 | |
| 文化何以重要:与大众谈新的文化生命体与中华民族现代文明/韩庆祥著.-北京:北京联合出版公司,2024.10 |
| 273页;20cm |
| 本书聚焦中华优秀传统文化、中国式现代化的文化形态、中华民族现代文明和人类文明新形态等重大议题, 从“两个结合 ” 的基本问题与核心要义、“第二个结合 ” 是又一次思想解放、正确认识中华文明的突出特性、全面深入理解新的文化生命体及其重大意义、文化的力量等十个方面展开, 深入阐释了中华文化的深刻内涵, 剖析了文化与文明的内在联系, 并探讨了它们在不同历史时期和文化背景下的演变与影响。 书中特别强调在新时代背景下, 如何结合中国实际情况和中华优秀传统文化, 推动中华文化的发展与创新。 |
| ISBN 978-7-5596-7913-0:CNY68.00 |
| ● |
| 相关链接 |
|
|
|
正题名:文化何以重要
索取号:G12/H097
 
预约/预借
| 序号 | 登录号 | 条形码 | 馆藏地/架位号 | 状态 | 备注 |
| 1 | 1554311 | 215543115 | 马克思主义学院资料室/ [索取号:G12/H097] | 在馆 | |
| 2 | 1554312 | 215543124 | 马克思主义学院资料室/ [索取号:G12/H097] | 在馆 |